1235 1454 1320 1639 1152 1209 1225 1136 1927 1830 1042 1055 1613 1767 1233 1328 1600 1857 1971 1762 1932 1906 1770 1901 1220 1254 1721 1259 1906 1248 1359 1608 1359 1879 1961 1452 1612 1049 1399 1077 1681 1883 1640 1736 1167 1684 1560 1485 1756 1248 1004 1609 1057 1998 1609 1076 1405 1693 1101 1591 1411 1795 1566 1891 1644 1038 1840 1264 1306 1354 1335 1205 1391 1786 1325 1761 1651 1709 1836 1539 1739 1127 1225 1476 1652 1446 1261 1727 1548 1145 1889 1611 1461 1757 1919 1776 1873 1236 1293 BCNSPRNW ULIB Ver.6.0+V

เปลี่ยนเป็นภาษาไทย

Change to English
 แสดงรายละเอียดบรรณานุกรม
  กลับหน้าหลัก

Brief Record : Get Marc (ISO 2709) : E-mail record : QR code < ปิดหน้าต่าง
LEADER : 00000nam 2200000uu 4500
001    13399113602
003     ULIB
008    111201s2550||||th 000 0 tha d
020    ^a9789747503708
090    ^aนว.^bว820ร 2550
100 0  ^aวีสาม
245 00 ^aLove me do...รักเจ้าเอย/^cวีสาม
250    ^aพิมพ์ครั้งที่ 2
260    ^aกรุงเทพฯ :^bแจ่มใส,^c2550
300    ^a383 หน้า
710 1  ^aแจ่มใส
945    ^p229^l0^i14060
995    ^aทศพร
999    ^aใช้งานได้ทุกระบบ
รายการนี้ยังไม่มีแท็ก
คุณยังไม่ได้ล็อกอิน คุณสามารถมีกิจกรรมร่วมกับเว็บไซต์ได้ แต่ต้องล็อกอินก่อน ::
  ล็อกอิน

รายการสื่อสารสนเทศ

ลำดับที่ ประเภท เลขเรียก/บาร์โค้ด สถานที่ สถานะ
1. นวนิยาย
นวนิยาย
นว. ว820ร 2550 ฉ.1 
  Barcode: 14060
ห้องสมุดวิทยาเขตสวรรค์ประชารักษ์
►นวนิยาย
บนชั้น
  ขอยืม

รายการใกล้เคียง
    ผู้แต่ง [วีสาม]

BibComment


ยังไม่เคยถูกคอมเมนท์

คอมเมนท์ทรัพยากรรายการนี้
  คอมเมนท์: Love me doรักเจ้..


 Copyright 2026. Bcnsprnw @Library